Suurimmat Intian valtameren valtiot - Statistics

Yleistilastot
  • Tätä visaa on pelattu 726 kertaa
  • Keskiarvotulos 7 / 10
Vastaustilastot
km2 Reunameret/lahdet Valtio % Oikein
3 287 263 Arabianmeri, Bengalinlahti, ... Intia
99%
2 149 690 Punainenmeri, Persianlahti Saudi-Arabia
86%
1 910 931 - Indonesia
83%
1 648 195 Arabianmeri, Persianlahti Iran
81%
881 912 Arabianmeri Pakistan
81%
7 692 024 - Australia
77%
1 002 450 Punainenmeri Egypti
64%
1 886 068 Punainenmeri Sudan
48%
945 087 - Tansania
47%
1 221 037 - Etelä-Afrikka
45%
Ehtoja vastaavia visoja ei löytynyt
Tulosjakauma
Jokaisen tuloksen saaneiden osuus
Persentiili vastausten määrän mukaan
Tuloshistoriasi
Et ole pelannut tätä visaa